000
00249nam a22000977a 4500
008
240220b |||||||| |||| 00| 0 eng d
082
_a
A-N
_b
MERS
100
1
0
_a
Meruane, Lina
_e
autor
_9
43457
245
_a
Sangre en el ojo /
_c
Lina Meruane
942
_2
ddc
999
_c
30646
_d
17030